Historia del Perú Independiente

Պահպանված է:
Մատենագիտական մանրամասներ
Հիմնական հեղինակ: Paz Soldán, Mariano Felipe (autor)
Ձևաչափ: Գիրք
Լեզու:իսպաներեն
Հրապարակվել է: Buenos Aires Imprenta y Estereotipia del Courrier de La Plata 1888
Հրատարակություն:2a. ed
Խորագրեր:
Ցուցիչներ: Ավելացրեք ցուցիչ
Չկան պիտակներ, Եղեք առաջինը, ով նշում է այս գրառումը!

MARC

LEADER 00000nam a2200000 a 4500
001 UCJ6107
003 CL-VaPUC
008 070124e18880000AG |||||||||||||||||spa|d
082 0 4 |a 985  |b PAZ  |2 21 
100 |a Paz Soldán, Mariano Felipe  |e autor  |9 514666 
245 1 0 |a Historia del Perú Independiente 
250 |a 2a. ed 
300 |a lxxii, 408 p 
942 |c BK 
945 |d 20070124 00:00:00  |a rinostro 
260 |a Buenos Aires  |b Imprenta y Estereotipia del Courrier de La Plata  |c 1888 
500 |a 8§.- Port.- v.: Editor Adolfo P. Carranza.- Advertencia.- Apostillado. Se ubica junto a colección Bolivia-Perú 
650 7 |a CONFEDERACION PERU-BOLIVIANA  |2 CL-VaPUC  |9 436738 
650 0 |a Historia de Perú  |9 316239 
650 7 |a PRESIDENTES DEL PERU  |2 CL-VaPUC  |9 509572 
650 7 |a GUERRAS CIVILES  |2 CL-VaPUC  |9 361938 
650 0 |a Diplomacia  |9 256483 
650 0 |a Comercio  |9 255341 
650 7 |a DOCUMENTOS  |2 CL-VaPUC  |9 366450 
583 |a last modification  |c 20130925 06:18:47  |k Rodrigo Vera 
999 |c 322215  |d 322213 
952 |0 0  |1 0  |4 0  |6 985_000000000000000_PAZ_1888  |7 0  |8 X  |9 401148  |a FDOBUD  |b FDOBUD  |d 2019-11-22  |i 1043765  |o 985 PAZ 1888  |p 1043765  |r 2019-11-22  |w 2019-11-22  |y BK_X  |k BUD